000 00288 a2200121 4500
999 _c321556
_d321556
001 86483
003 NUST
005 20180122154034.0
008 180122b xxu||||| |||| 00| 0 eng d
082 _a398.2 FAY
100 _aFayyaz M
_99515
245 _aThere was once a King
_hEnglish
260 _aIslamabad
_bLok Virsa Islamabad
_c1988
300 _a272p.
942 _aCAE NUST
_cBK
_k398.2 FAY
_2ddc